[Event "Polugaevsky Mem 2014"]
[Site "Samara RUS"]
[Date "2014.07.02"]
[Round "1.1"]
[White "Baltabaev, Temirlan"]
[Black "Khismatullin, Denis"]
[Result "0-1"]
[BlackTitle "GM"]
[WhiteElo "2144"]
[BlackElo "2680"]
[WhiteFideId "4112172"]
[BlackFideId "4142578"]
[EventDate "2014.07.02"]

1. d4 Nf6 2. c4 e6 3. Nf3 d5 4. Qc2 c5 5. g3 cxd4 6. Nxd4 e5 7. Nf3 Nc6 8. Bg5
Nb4 9. Qd1 Bf5 10. Na3 Qa5 11. Bd2 e4 12. Nd4 e3 13. fxe3 Be4 14. Rg1 Be7 15.
Qb3 O-O 16. Bg2 Rfc8 17. cxd5 Bxg2 18. Rxg2 Ne4 19. Nc4 Qxd5 20. Bxb4 Bxb4+ 21.
Qxb4 Rxc4 22. Qa3 Rac8 23. Rd1 Rc1 24. Rg1 Rxd1+ 25. Kxd1 Qc4 26. b4 Nf2+ 27.
Kd2 Ne4+ 28. Kd1 g6 29. Rf1 a6 30. Rf4 Nc3+ 31. Ke1 Nd5 32. Re4 Rd8 33. Qb3 Qc1+
34. Kf2 Qc7 35. Nf3 Nf6 36. Rd4 Re8 37. Qd3 Qe7 38. Nd2 Qe6 39. e4 Qxa2 40. Rd8
Rxd8 41. Qxd8+ Kg7 42. Kg2 Qb2 43. Qd6 Ng4 44. h3 Ne5 45. Kf2 Nc6 46. Nf3 Qxb4
47. Qd5 Qb5 48. Qd6 b6 49. Qd1 Qc5+ 50. Kg2 Qc4 51. Qa1+ Kg8 52. Kf2 a5 53. h4
h6 54. h5 Qc5+ 55. Kg2 Qxh5 56. e5 Qg4 57. Qb1 Nxe5 58. Qxb6 Nxf3 59. Qd8+ Kg7
60. exf3 Qb4 61. Qe8 Qb2+ 62. Kg1 Qa1+ 63. Kg2 a4 64. f4 a3 65. f5 gxf5 0-1

[Event "Polugaevsky Mem 2014"]
[Site "Samara RUS"]
[Date "2014.07.02"]
[Round "1.2"]
[White "Kokarev, Dmitry"]
[Black "Nigmatov, Ortik"]
[Result "1-0"]
[WhiteTitle "GM"]
[WhiteElo "2650"]
[BlackElo "2144"]
[WhiteFideId "4132181"]
[BlackFideId "14202131"]
[EventDate "2014.07.02"]

1. g3 Nf6 2. Bg2 g6 3. e4 d6 4. d4 Bg7 5. Nc3 O-O 6. Nge2 e5 7. h3 Nc6 8. Be3
Re8 9. O-O exd4 10. Nxd4 Nxd4 11. Bxd4 Be6 12. Qd2 Qd7 13. Kh2 Rad8 14. Rad1 c5
15. Be3 b5 16. e5 dxe5 17. Qe2 Qe7 18. Rxd8 Rxd8 19. Qxb5 Nd7 20. Rd1 Qf8 21.
Ne4 Rb8 22. Qa4 Qc8 23. Nd6 Qc7 24. Nb5 Qb6 25. Nxa7 Nf8 26. Nc6 Rb7 27. b4 1-0

[Event "Polugaevsky Mem 2014"]
[Site "Samara RUS"]
[Date "2014.07.02"]
[Round "1.3"]
[White "Zubkov, Vsevolod"]
[Black "Sjugirov, Sanan"]
[Result "0-1"]
[BlackTitle "GM"]
[WhiteElo "2144"]
[BlackElo "2643"]
[WhiteFideId "24136760"]
[BlackFideId "4189302"]
[EventDate "2014.07.02"]

1. d4 Nf6 2. Nf3 e6 3. e3 b6 4. Bd3 Bb7 5. O-O d5 6. b3 Bd6 7. Bb2 O-O 8. Nbd2
c5 9. Ne5 Qc7 10. f4 cxd4 11. Bxd4 Bc5 12. Qe2 a5 13. Bb2 Qe7 14. Ndf3 a4 15.
Rae1 axb3 16. axb3 Ra2 17. Ba1 Na6 18. Nd4 Nb4 19. Qf3 Ne4 20. Bxe4 dxe4 21. Qg3
f6 22. Ng4 Nxc2 23. Nxc2 Rxc2 24. f5 Ba6 25. fxe6 Bxf1 26. Nxf6+ Qxf6 27. Bxf6
Rxg2+ 28. Qxg2 Bxg2 0-1

[Event "Polugaevsky Mem 2014"]
[Site "Samara RUS"]
[Date "2014.07.02"]
[Round "1.4"]
[White "Smirnov, Pavel"]
[Black "Popov, Alexey"]
[Result "1-0"]
[WhiteTitle "GM"]
[WhiteElo "2626"]
[BlackElo "2120"]
[WhiteFideId "4123425"]
[BlackFideId "4123000"]
[EventDate "2014.07.02"]

1. d4 d5 2. c4 e6 3. Nf3 Nf6 4. Nc3 dxc4 5. e4 Bb4 6. Bg5 h6 7. Bxf6 Qxf6 8.
Bxc4 c5 9. e5 Qd8 10. O-O O-O 11. Ne4 cxd4 12. Qe2 a6 13. Rfd1 Nc6 14. Rac1 Qa5
15. a3 Be7 16. Ng3 Bg5 17. Nxg5 hxg5 18. Re1 f6 19. exf6 Rxf6 20. Ne4 Rh6 21.
Bd3 Qe5 22. g3 Qf5 23. Rc5 e5 24. Qd2 g4 25. Ng5 Qf6 26. Bc4+ Kf8 27. f4 gxf3
28. Nxf3 Rh5 29. Rf1 Bh3 30. Nxe5 Bxf1 31. Nd7+ Ke7 32. Nxf6 Rxc5 33. Nd5+ Rxd5
34. Bxd5 Bb5 35. Bb3 Rf8 36. a4 Bf1 37. Qg5+ Kd6 38. Qxg7 Rf3 39. Bd1 Kd5 1-0

[Event "Polugaevsky Mem 2014"]
[Site "Samara RUS"]
[Date "2014.07.02"]
[Round "1.5"]
[White "Popelyshev, Igor V."]
[Black "Demchenko, Anton"]
[Result "0-1"]
[BlackTitle "GM"]
[WhiteElo "2116"]
[BlackElo "2619"]
[WhiteFideId "24116610"]
[BlackFideId "4160258"]
[EventDate "2014.07.02"]

1. e4 c5 2. Ne2 Nf6 3. e5 Nd5 4. Nbc3 Nxc3 5. dxc3 Nc6 6. Bf4 g6 7. h4 Qb6 8. b3
Bg7 9. Qd5 d6 10. exd6 Be6 11. Qe4 exd6 12. O-O-O O-O-O 13. Rxd6 Rxd6 14. Bxd6
Rd8 15. Bf4 Qa5 16. Kb2 c4 17. g3 cxb3 18. cxb3 Nb4 19. Nc1 Nd3+ 20. Nxd3 Qxc3+
21. Ka3 Bf8+ 22. Nb4 Rd4 0-1

[Event "Polugaevsky Mem 2014"]
[Site "Samara RUS"]
[Date "2014.07.02"]
[Round "1.6"]
[White "Timofeev, Artyom"]
[Black "Chernozemov, Andrew"]
[Result "1-0"]
[WhiteTitle "GM"]
[WhiteElo "2597"]
[BlackElo "2114"]
[WhiteFideId "4140419"]
[BlackFideId "4167414"]
[EventDate "2014.07.02"]

1. d4 d5 2. c4 e6 3. Nc3 Be7 4. cxd5 exd5 5. Bf4 Nf6 6. e3 O-O 7. Bd3 Re8 8.
Nge2 a6 9. O-O Bd6 10. Qd2 Nc6 11. f3 Bxf4 12. Nxf4 Ne7 13. Bc2 Nf5 14. Rfe1 c6
15. Rad1 Nh4 16. e4 dxe4 17. fxe4 Bg4 18. Rc1 Nh5 19. Nxh5 Bxh5 20. e5 Bf3 21.
Be4 Bxe4 22. Nxe4 Rxe5 1-0

[Event "Polugaevsky Mem 2014"]
[Site "Samara RUS"]
[Date "2014.07.02"]
[Round "1.7"]
[White "Asanov, Almaz"]
[Black "Goganov, Aleksey"]
[Result "0-1"]
[BlackTitle "GM"]
[WhiteElo "2108"]
[BlackElo "2590"]
[WhiteFideId "13704940"]
[BlackFideId "24109959"]
[EventDate "2014.07.02"]

1. e4 c5 2. Nf3 e6 3. Nc3 Nc6 4. Bb5 Nd4 5. Bc4 Ne7 6. O-O Nec6 7. Nxd4 cxd4 8.
Ne2 Bc5 9. c3 O-O 10. d3 d5 11. Bb3 dxc3 12. Nxc3 dxe4 13. dxe4 Nd4 14. Bc4 Qh4
15. Be3 Rd8 16. Bxd4 Bxd4 17. Qe2 Bd7 18. Bb5 a6 19. Bxd7 Rxd7 20. g3 Qh3 21.
Rad1 Rad8 22. Qf3 h5 23. Rd2 Qg4 24. Qxg4 hxg4 25. Rc1 Bf6 26. Rxd7 Rxd7 27. Rd1
Rc7 28. Rd3 b5 29. Rd6 b4 30. Na4 Rc2 31. a3 0-1

[Event "Polugaevsky Mem 2014"]
[Site "Samara RUS"]
[Date "2014.07.02"]
[Round "1.8"]
[White "Kryakvin, Dmitry"]
[Black "Karpenko, Artem"]
[Result "1-0"]
[WhiteTitle "GM"]
[WhiteElo "2579"]
[BlackElo "2107"]
[WhiteFideId "4153278"]
[BlackFideId "24175595"]
[EventDate "2014.07.02"]

1. d4 d5 2. c4 c6 3. Nf3 Nf6 4. Qb3 dxc4 5. Qxc4 Bf5 6. g3 e6 7. Bg2 Be7 8. O-O
O-O 9. e3 Nbd7 10. Qe2 Rc8 11. Rd1 Qb6 12. Nc3 Bg4 13. h3 Bxf3 14. Bxf3 e5 15.
Bg2 exd4 16. Rxd4 Nc5 17. b3 Rfd8 18. Bb2 Ne6 19. Rdd1 Qa5 20. a3 Rxd1+ 21. Rxd1
Rd8 22. b4 Rxd1+ 23. Qxd1 Qc7 24. b5 cxb5 25. Nxb5 Qb6 26. Qe2 a6 27. Nd4 Nc5
28. Nf5 Bf8 29. g4 Nce4 30. Qc2 Qe6 31. Qc7 Qb3 32. Qd8 Qe6 33. Nxg7 Kxg7 34.
Bxe4 Be7 35. Qd4 h6 36. Bf5 Qc6 37. h4 Qf3 38. Qe5 Qd1+ 39. Kg2 Kf8 40. Qf4 Ng8
41. Be6 f6 42. Qb8+ Qd8 43. Qxb7 a5 44. Qb3 Kg7 45. g5 hxg5 46. hxg5 1-0

[Event "Polugaevsky Mem 2014"]
[Site "Samara RUS"]
[Date "2014.07.02"]
[Round "1.9"]
[White "Baraeva, Marina"]
[Black "Gabrielian, Artur"]
[Result "0-1"]
[WhiteTitle "WIM"]
[BlackTitle "GM"]
[WhiteElo "2103"]
[BlackElo "2558"]
[WhiteFideId "24142573"]
[BlackFideId "4131002"]
[EventDate "2014.07.02"]

1. d4 Nf6 2. c4 c5 3. d5 e6 4. Nc3 exd5 5. cxd5 d6 6. Nf3 g6 7. Bf4 a6 8. a4 Bg7
9. h3 O-O 10. e3 Re8 11. Nd2 Nbd7 12. Be2 Ne5 13. O-O b6 14. Qb3 Nfd7 15. Rad1
Qc7 16. Rfe1 Bb7 17. Bh2 Rac8 18. Nc4 Nxc4 19. Bxc4 Ne5 20. Bf1 c4 21. Qb4 f5
22. e4 a5 23. Qa3 Ba6 24. Re3 Bh6 25. f4 Nd3 26. Bxd3 cxd3 27. e5 dxe5 28. d6
Qc6 29. Nb5 Bb7 30. Qa2+ Kf8 31. b4 Qc2 32. Qxc2 dxc2 33. Rc1 exf4 34. Rxe8+
Kxe8 35. Nc7+ Kd7 36. Rxc2 Be4 37. Rc4 axb4 38. Rxb4 Kxd6 39. Nb5+ Ke5 40. Na3
Kd5 41. Rb5+ Rc5 42. Rxb6 Rc1+ 43. Kf2 Bd3 44. g4 Bf8 45. Rb3 Ke5 0-1

[Event "Polugaevsky Mem 2014"]
[Site "Samara RUS"]
[Date "2014.07.02"]
[Round "1.10"]
[White "Dvoirys, Semen I."]
[Black "Gusarov, Aleksey"]
[Result "1-0"]
[WhiteTitle "GM"]
[WhiteElo "2557"]
[BlackElo "2100"]
[WhiteFideId "4100379"]
[BlackFideId "24166235"]
[EventDate "2014.07.02"]

1. e4 e6 2. d4 d5 3. e5 c5 4. c3 Qb6 5. Nf3 Nc6 6. a3 c4 7. Nbd2 Na5 8. Rb1 Bd7
9. g3 Ne7 10. h4 Qc7 11. h5 Nc8 12. Nh2 Nb6 13. Ndf3 h6 14. Bh3 O-O-O 15. O-O
Be7 16. Ne1 Kb8 17. Ng2 Ka8 18. f4 Nb3 19. Be3 f5 20. g4 Rdg8 21. Bf2 g5 22.
hxg6 fxg4 23. Nxg4 Rxg6 24. N4e3 Rhg8 25. Kh2 Na4 26. f5 exf5 27. Nf4 R6g7 28.
Nexd5 Qd8 29. Nxe7 Qxe7 30. Qe2 Qg5 31. Qe3 Nb6 32. Rg1 Qe7 33. Rxg7 Rxg7 34. d5
Na5 35. d6 Qe8 36. e6 Bc6 37. Qe5 Nb3 38. Qxg7 Nd2 39. Rd1 Nf3+ 40. Kg3 1-0

[Event "Polugaevsky Mem 2014"]
[Site "Samara RUS"]
[Date "2014.07.03"]
[Round "2.1"]
[White "Khismatullin, Denis"]
[Black "Palachev, Petr"]
[Result "1-0"]
[WhiteTitle "GM"]
[BlackTitle "FM"]
[WhiteElo "2680"]
[BlackElo "2340"]
[WhiteFideId "4142578"]
[BlackFideId "24129003"]
[EventDate "2014.07.02"]

1. c4 e6 2. d4 Nf6 3. Nc3 Bb4 4. Nf3 d5 5. cxd5 exd5 6. Bg5 Nbd7 7. Qc2 c5 8. e3
Qa5 9. Bd3 O-O 10. O-O c4 11. Be2 Re8 12. Nd2 b5 13. Bf3 Bxc3 14. bxc3 Nb6 15.
Bxf6 gxf6 16. Rfe1 Be6 17. Nf1 Qa4 18. Qb1 Rab8 19. Ng3 Qa3 20. Nh5 Nd7 21. Qc2
b4 22. cxb4 Qxb4 23. e4 dxe4 24. Bxe4 Bf5 25. h4 Bg6 26. Ng3 c3 27. h5 Bxe4 28.
Nxe4 Qb2 29. Qd3 c2 30. h6 Kh8 31. Nd6 Re7 32. Kh2 Qb6 33. Qg3 Rg8 34. Rxe7 Rxg3
35. Re8+ 1-0

[Event "Polugaevsky Mem 2014"]
[Site "Samara RUS"]
[Date "2014.07.03"]
[Round "2.2"]
[White "Sidorov, Anatoly"]
[Black "Kokarev, Dmitry"]
[Result "0-1"]
[WhiteTitle "IM"]
[BlackTitle "GM"]
[WhiteElo "2319"]
[BlackElo "2650"]
[WhiteFideId "4114418"]
[BlackFideId "4132181"]
[EventDate "2014.07.02"]

1. c4 g6 2. Nc3 Bg7 3. g3 c5 4. Bg2 Nc6 5. e4 Nf6 6. Nge2 O-O 7. d3 d6 8. O-O
Bd7 9. h3 Ne8 10. Rb1 Nc7 11. a3 a5 12. Kh2 Rb8 13. a4 Nd4 14. Be3 Bc6 15. b3 f5
16. Nb5 e5 17. Nxc7 Qxc7 18. Nc3 f4 19. Bxd4 exd4 20. Nd5 Bxd5 21. exd5 Be5 22.
Bf3 fxg3+ 23. fxg3 Qe7 24. Rb2 h5 25. Kg2 Qg5 26. Qe1 h4 27. g4 Rbe8 28. Be4 Bg3
29. Qe2 Rxf1 30. Qxf1 Rf8 31. Bf3 Be5 32. Rf2 Qe3 33. Qe2 Qf4 34. Qe4 Qg3+ 35.
Kf1 Kg7 36. g5 Rf4 37. Qe2 Qxh3+ 38. Bg2 Rxf2+ 39. Kxf2 Qg3+ 40. Kf1 h3 41. Be4
Qxg5 42. Qf3 Qc1+ 43. Ke2 Qe3+ 0-1

[Event "Polugaevsky Mem 2014"]
[Site "Samara RUS"]
[Date "2014.07.03"]
[Round "2.3"]
[White "Sjugirov, Sanan"]
[Black "Igambergenov, Alibek"]
[Result "0-1"]
[WhiteTitle "GM"]
[BlackTitle "CM"]
[WhiteElo "2643"]
[BlackElo "2328"]
[WhiteFideId "4189302"]
[BlackFideId "13703404"]
[EventDate "2014.07.02"]

1. e4 e6 2. d4 d5 3. e5 c5 4. c3 Qb6 5. Nf3 Bd7 6. Bd3 Bb5 7. dxc5 Bxc5 8. b4
Bxd3 9. Qxd3 Bf8 10. Na3 Nd7 11. Be3 Qc7 12. O-O a6 13. c4 Ne7 14. Rac1 Nxe5 15.
Nxe5 Qxe5 16. Bc5 Ng6 17. Rfe1 Qg5 18. cxd5 Bxc5 19. bxc5 Qxg2+ 20. Kxg2 Nf4+
21. Kf3 Nxd3 22. d6 Nxe1+ 23. Rxe1 Rc8 24. Re5 b6 25. cxb6 Kd7 26. Ra5 Kxd6 27.
Ke4 Kc6 28. Nc4 Rhd8 29. Rg5 g6 30. Ne5+ Kxb6 31. Nxf7 Rd2 0-1

[Event "Polugaevsky Mem 2014"]
[Site "Samara RUS"]
[Date "2014.07.03"]
[Round "2.4"]
[White "Bochkarev, Alexey"]
[Black "Smirnov, Pavel"]
[Result "1-0"]
[WhiteTitle "FM"]
[BlackTitle "GM"]
[WhiteElo "2302"]
[BlackElo "2626"]
[WhiteFideId "34101516"]
[BlackFideId "4123425"]
[EventDate "2014.07.02"]

1. d4 Nf6 2. Nf3 d5 3. c3 c5 4. dxc5 e6 5. b4 a5 6. e3 axb4 7. cxb4 b6 8. Bb5+
Bd7 9. Bxd7+ Nbxd7 10. O-O bxc5 11. bxc5 Bxc5 12. Nbd2 O-O 13. Nb3 Bd6 14. Bb2
Qb6 15. Qe2 e5 16. Rfc1 Ra4 17. Rc2 Qa7 18. Rc6 Bb8 19. a3 Qb7 20. Qc2 Qb5 21.
Rc1 h6 22. Nbd2 Re8 23. Rb1 Qa5 24. Bc3 Qa8 25. Bb4 Ra6 26. Rc1 e4 27. Ne1 Ng4
28. h3 Nge5 29. Rc8 Re6 30. Qb3 Nb6 31. Rxe8+ Rxe8 32. Nb1 Nec4 33. Rd1 Be5 34.
Nc3 Rc8 35. Ne2 Na4 36. Nc2 Nab2 37. Rb1 Nd3 38. Rd1 Ndb2 39. Rf1 Nd3 40. Rd1
Qa6 41. Ned4 Rb8 42. Qc3 Rc8 43. Qb3 Qf6 44. Rf1 Bc7 45. Nb5 Nxb4 46. Qxb4 Ba5
47. Qa4 Qb6 48. Ncd4 g6 49. Ra1 Rb8 50. Qb3 f5 51. a4 f4 52. exf4 Qf6 53. Rd1
Kh7 54. Ne2 Bd2 55. g3 e3 56. fxe3 Re8 57. Nbd4 Bxe3+ 58. Kh2 Bxd4 59. Nxd4 Re4
60. Qb7+ Re7 61. Qxd5 Ne3 62. Qc6 Qf7 63. Rg1 Qa2+ 64. Kh1 Qd2 65. Nf3 Qd3 66.
Ne5 Qf5 67. Kh2 Ra7 68. Qc5 Qc2+ 69. Qxc2 Nxc2 70. Rc1 Nb4 71. h4 Nd5 72. Rc5
Ne3 73. a5 h5 74. Nc6 Rb7 75. a6 Rb2+ 76. Kg1 Rg2+ 77. Kh1 Ra2 78. a7 Ra1+ 79.
Kh2 Ng4+ 80. Kg2 Ra2+ 81. Kf3 Ra3+ 82. Ke4 1-0

[Event "Polugaevsky Mem 2014"]
[Site "Samara RUS"]
[Date "2014.07.03"]
[Round "2.5"]
[White "Demchenko, Anton"]
[Black "Khanin, Semen"]
[Result "1-0"]
[WhiteTitle "GM"]
[WhiteElo "2619"]
[BlackElo "2317"]
[WhiteFideId "4160258"]
[BlackFideId "4111990"]
[EventDate "2014.07.02"]

1. e4 c5 2. Nf3 e6 3. d4 cxd4 4. Nxd4 Nc6 5. Nc3 Qc7 6. Be3 a6 7. Be2 Nf6 8. O-O
Be7 9. f4 d6 10. Kh1 O-O 11. Qe1 Nxd4 12. Bxd4 Nd7 13. Rd1 b5 14. Qg3 Bf6 15.
Bxf6 Nxf6 16. e5 dxe5 17. fxe5 Nd7 18. Ne4 Ra7 19. Rd6 h6 20. Nf6+ Nxf6 21. exf6
g6 22. Bd3 Kh7 23. h4 h5 24. Qe5 Rh8 25. Rf3 Bd7 26. Rg3 Be8 27. Rg5 Kg8 28. Qd4
Ra8 29. b4 Qa7 30. Qxa7 1-0

[Event "Polugaevsky Mem 2014"]
[Site "Samara RUS"]
[Date "2014.07.03"]
[Round "2.6"]
[White "Esipenko, Andrey"]
[Black "Timofeev, Artyom"]
[Result "0-1"]
[WhiteTitle "FM"]
[BlackTitle "GM"]
[WhiteElo "2286"]
[BlackElo "2597"]
[WhiteFideId "24175439"]
[BlackFideId "4140419"]
[EventDate "2014.07.02"]

1. d4 Nf6 2. c4 g6 3. Nc3 d5 4. e3 Bg7 5. Qb3 e6 6. Qa3 b6 7. Nh3 Bb7 8. cxd5
Nxd5 9. Nxd5 Qxd5 10. Nf4 Qd6 11. Bb5+ Nd7 12. Qxd6 cxd6 13. O-O a6 14. Bd3 e5
15. Ne2 Nf6 16. b3 e4 17. Bb1 Rc8 18. Bd2 a5 19. Nc3 Ba6 20. Re1 d5 21. f3 exf3
22. gxf3 O-O 23. a4 Rfe8 24. Nb5 Bxb5 25. axb5 Bf8 26. Kf2 Bb4 27. Ke2 Rc3 28.
Bxc3 Bxc3 29. Bd3 Bxd4 30. Ra4 Bxe3 31. Kd1 Kf8 32. b4 axb4 33. Rxb4 Nd7 34. Ra4
Nc5 35. Ra3 d4 36. Bc4 Re7 37. Re2 Rc7 38. Rc2 Kg7 39. Rca2 Nb7 40. Ra4 Nd6 41.
Rc2 Rc5 42. Bd3 Rg5 43. Rb4 Rg1+ 44. Ke2 Rh1 45. Rc6 Rxh2+ 46. Kf1 Nb7 47. Rc2
Rh1+ 0-1

[Event "Polugaevsky Mem 2014"]
[Site "Samara RUS"]
[Date "2014.07.03"]
[Round "2.7"]
[White "Goganov, Aleksey"]
[Black "Elistratov, Semen"]
[Result "1-0"]
[WhiteTitle "GM"]
[WhiteElo "2590"]
[BlackElo "2265"]
[WhiteFideId "24109959"]
[BlackFideId "24134325"]
[EventDate "2014.07.02"]

1. d4 Nf6 2. c4 e6 3. Nf3 d5 4. g3 dxc4 5. Bg2 Nc6 6. Qa4 Nd7 7. Qxc4 Nb6 8. Qb5
a6 9. Qd3 e5 10. Nxe5 Nb4 11. Qd1 Qxd4 12. Qxd4 Nc2+ 13. Kd1 Nxd4 14. Be3 Nf5
15. Bxb6 cxb6 16. Nc3 b5 17. e3 Bd6 18. Nd3 O-O 19. Ke2 Rb8 20. Ne4 Be7 21. Rhd1
Nd6 22. Nf4 Nxe4 23. Bxe4 Bf6 24. Rd2 Re8 25. Bf3 g6 26. Rc1 Be6 27. Nxe6 Rxe6
28. Bd5 Re7 29. e4 h5 30. f4 h4 31. Kf3 hxg3 32. hxg3 Bg7 33. e5 Kf8 34. Rdc2
Rd8 35. Rc8 Ke8 36. b3 Rd7 37. Rxd8+ Kxd8 38. Ke4 Re7 39. Rh1 Ke8 40. b4 Rc7 41.
Bb3 Rd7 42. Rc1 Kd8 43. g4 Bf8 44. f5 gxf5+ 45. gxf5 Bxb4 46. f6 Ba3 47. Rh1 Ke8
48. Bd1 Bf8 49. Bg4 Rc7 50. Rh7 Rc4+ 51. Kf5 Rc5 52. Bh5 Bd6 53. Bxf7+ Kd8 54.
Bd5 Rxd5 55. Ke6 Rxe5+ 56. Kxd6 Re2 57. f7 Rd2+ 58. Ke6 Re2+ 59. Kf6 Rf2+ 60.
Kg7 Rg2+ 61. Kh8 1-0

[Event "Polugaevsky Mem 2014"]
[Site "Samara RUS"]
[Date "2014.07.03"]
[Round "2.8"]
[White "Artamonov, Valery"]
[Black "Kryakvin, Dmitry"]
[Result "0-1"]
[BlackTitle "GM"]
[WhiteElo "2270"]
[BlackElo "2579"]
[WhiteFideId "24100480"]
[BlackFideId "4153278"]
[EventDate "2014.07.02"]

1. c4 e6 2. Nf3 Nf6 3. g3 a6 4. Bg2 b5 5. Nd4 c6 6. d3 Ra7 7. O-O c5 8. Nf3 Bb7
9. Na3 Qb6 10. Bg5 Be7 11. Qb3 b4 12. Rae1 Nc6 13. Nb1 O-O 14. e4 d6 15. Qd1 h6
16. Bc1 Nd7 17. h4 Bf6 18. g4 Qd8 19. g5 hxg5 20. hxg5 Be7 21. d4 cxd4 22. Nxd4
Nc5 23. f4 Nxd4 24. Qxd4 e5 25. Qd1 exf4 26. Bxf4 g6 27. Rf2 Ne6 28. Be3 Ra8 29.
e5 Bxg2 30. exd6 Bxg5 31. Bxg5 Qxg5 32. Rxg2 Qc5+ 33. Kh2 Rad8 34. Qg4 Kg7 35.
Rxe6 Rh8+ 36. Kg3 fxe6 37. Kf3 Rhf8+ 38. Ke2 Qe5+ 39. Kd1 Qxd6+ 0-1

[Event "Polugaevsky Mem 2014"]
[Site "Samara RUS"]
[Date "2014.07.03"]
[Round "2.9"]
[White "Gabrielian, Artur"]
[Black "Mirzaev, Aziz"]
[Result "1-0"]
[WhiteTitle "GM"]
[WhiteElo "2558"]
[BlackElo "2257"]
[WhiteFideId "4131002"]
[BlackFideId "4116224"]
[EventDate "2014.07.02"]

1. e4 c5 2. Nf3 d6 3. Bb5+ Bd7 4. Bxd7+ Qxd7 5. O-O Nc6 6. c3 Nf6 7. Re1 g6 8.
d4 Bg7 9. d5 Ne5 10. Nxe5 dxe5 11. c4 O-O 12. Nc3 Ne8 13. Be3 b6 14. a3 Nd6 15.
Qe2 f5 16. f3 f4 17. Bf2 a5 18. b3 g5 19. Rab1 Rfc8 20. Na4 Rab8 21. Rec1 h5 22.
Nb2 g4 23. Nd3 Bf6 24. Be1 Kh8 25. Bc3 Nf7 26. Nxf4 exf4 27. e5 Qf5 28. exf6
exf6 29. Qe4 Qg5 30. fxg4 Re8 31. Qf5 Qxf5 32. gxf5 Kg7 33. Re1 Ng5 34. Bd2 f3
35. Bf4 Rbc8 36. Bxg5 fxg5 37. Re6 fxg2 38. Rbe1 1-0

[Event "Polugaevsky Mem 2014"]
[Site "Samara RUS"]
[Date "2014.07.03"]
[Round "2.10"]
[White "Iliushkin, Evgeny"]
[Black "Dvoirys, Semen I."]
[Result "1/2-1/2"]
[WhiteTitle "FM"]
[BlackTitle "GM"]
[WhiteElo "2249"]
[BlackElo "2557"]
[WhiteFideId "4141407"]
[BlackFideId "4100379"]
[EventDate "2014.07.02"]

1. d4 Nf6 2. c4 e6 3. Nf3 b6 4. e3 Bb7 5. Bd3 d5 6. Nbd2 Be7 7. O-O O-O 8. b3 c5
9. Bb2 Nc6 10. Rc1 dxc4 11. Bxc4 cxd4 12. Nxd4 Nxd4 13. Bxd4 Rc8 14. Qe2 Qd6 15.
Rfd1 Qa3 16. Nb1 Qa5 17. a3 Qg5 18. f4 Qh4 19. Nd2 Bc5 20. Bxc5 Rxc5 21. b4 Rh5
22. Nf1 e5 23. Qf2 Qxf2+ 24. Kxf2 exf4 25. exf4 a5 26. Be2 Rh6 27. Bf3 Bxf3 28.
Kxf3 axb4 29. axb4 Rh5 30. Rd4 Ra8 31. Ra1 Re8 32. Rad1 h6 33. h3 Ra8 34. Rd8+
Rxd8 35. Rxd8+ Kh7 36. Ne3 Rb5 37. Rd4 g5 38. g4 h5 39. fxg5 hxg4+ 40. hxg4 Ne8
41. Nd5 Kg6 42. Kf4 Ng7 43. Ke5 Ne8 44. Kf4 Ng7 45. Ke5 Ne8 1/2-1/2

[Event "Polugaevsky Mem 2014"]
[Site "Samara RUS"]
[Date "2014.07.04"]
[Round "3.1"]
[White "Lugovskoy, Maxim"]
[Black "Khismatullin, Denis"]
[Result "1/2-1/2"]
[WhiteTitle "IM"]
[BlackTitle "GM"]
[WhiteElo "2397"]
[BlackElo "2680"]
[WhiteFideId "24126454"]
[BlackFideId "4142578"]
[EventDate "2014.07.02"]

1. e4 g6 2. d4 Bg7 3. Nc3 d6 4. Nf3 a6 5. Bc4 e6 6. Bg5 Ne7 7. a4 h6 8. Be3 d5
9. Be2 dxe4 10. Nxe4 Nf5 11. O-O Nc6 12. c3 Nxe3 13. fxe3 b6 14. Ng3 O-O 15. b4
Ne7 16. b5 Nf5 17. Qd3 Nxg3 18. hxg3 Qd6 19. Qe4 Ra7 20. Qf4 Bb7 21. Qxd6 cxd6
22. a5 axb5 23. axb6 Rxa1 24. Rxa1 Bc6 25. Nd2 Rb8 26. Ra6 Bf6 27. Bf3 d5 28. b7
Bxb7 29. Rb6 Bd8 30. Rxb5 Bc7 31. Kf2 Bc8 32. Rxb8 Bxb8 33. e4 dxe4 34. Nxe4 Ba7
35. Nd6 Bd7 36. Ke2 Kf8 37. Kd3 Ke7 38. Nb7 h5 39. c4 f5 40. Na5 Bb6 41. Nc6+
Kf6 42. Ne5 Bc8 43. Bc6 Bc7 44. Nd7+ Kg5 45. Nf8 Bd6 46. Bd7 Bxd7 47. Nxd7 Bxg3
48. c5 h4 49. c6 Bd6 50. Ke3 f4+ 51. Kf3 Kf5 52. Ne5 g5 53. Ng4 Bc7 54. Nh6+ Kf6
55. Ng4+ Kf5 56. Nh6+ Kf6 57. Ng4+ Ke7 58. Ke4 Bd6 59. Nh6 Ke8 60. Kf3 Bf8 61.
Nf7 Be7 62. Ke4 Bd8 63. c7 Bxc7 64. Nxg5 Kd7 65. Nf3 Bd8 66. Ne5+ Kc7 67. Kxf4
Bf6 68. Ke4 Kd6 69. Nc4+ Kc6 70. Nd2 Kd6 71. Nf3 Kc6 72. Nh2 Kd6 73. Ng4 Bg7 74.
Ne3 Bf6 75. d5 exd5+ 76. Nxd5 Bd8 77. Nf4 Bg5 78. Nh3 Bd8 79. Kf5 Ke7 80. Ng5
Bb6 81. Nf3 h3 82. gxh3 Bf2 83. h4 Bxh4 84. Nxh4 1/2-1/2

[Event "Polugaevsky Mem 2014"]
[Site "Samara RUS"]
[Date "2014.07.04"]
[Round "3.2"]
[White "Kokarev, Dmitry"]
[Black "Smirnov, Alexey"]
[Result "0-1"]
[WhiteTitle "GM"]
[WhiteElo "2650"]
[BlackElo "2413"]
[WhiteFideId "4132181"]
[BlackFideId "4168437"]
[EventDate "2014.07.02"]

1. e4 c5 2. Nf3 d6 3. d4 cxd4 4. Qxd4 Nc6 5. Bb5 Bd7 6. Qd3 Nf6 7. O-O g6 8. c4
Bg7 9. Nc3 O-O 10. h3 Rc8 11. Be3 Nb4 12. Qe2 a6 13. Bxd7 Nxd7 14. Rac1 Nc6 15.
Rfd1 Qa5 16. a3 Rfe8 17. Nd5 Qa4 18. Bg5 h6 19. Bf4 Na5 20. e5 e6 21. Nc3 Qxc4
22. Qe3 g5 23. Bxg5 hxg5 24. Ne4 Qa4 25. Nxd6 Rxc1 26. Rxc1 Rf8 27. b4 Nc6 28.
Nxg5 Ndxe5 29. Qe4 Rd8 30. Ndxf7 Rd1+ 31. Kh2 Rxc1 32. Nh6+ Kf8 33. Nxe6+ Ke7
34. Nxg7 Qd1 35. f4 Qg1+ 36. Kg3 Qe1+ 37. Qxe1 Rxe1 38. fxe5 Nxe5 39. Ngf5+ Kf6
40. Nd6 b5 41. Kf4 Ng6+ 42. Kg4 Re3 43. h4 Rxa3 44. Ne4+ Ke5 45. Nc5 Kd5 46. h5
Nf8 47. Nb7 Ra4 48. Kf3 Rxb4 49. g4 Ne6 50. Nf5 Ng5+ 51. Kg3 Rb3+ 52. Kg2 Rc3
53. Ne7+ Ke6 54. Nf5 b4 55. Na5 Ke5 56. Kf2 b3 57. Ne3 Kd4 0-1